Tabex Encyclopedia Zimbabwe / (Record no. 100701)

MARC details
000 -LEADER
fixed length control field 00842nam a2200265Ma 4500
008 - FIXED-LENGTH DATA ELEMENTS--GENERAL INFORMATION
fixed length control field
020 ## - INTERNATIONAL STANDARD BOOK NUMBER
International Standard Book Number 0908306059 (hbk.)
049 ## - LOCAL HOLDINGS (OCLC)
Holding library MAIN
090 ## - LOCALLY ASSIGNED LC-TYPE CALL NUMBER (OCLC); LOCAL CALL NUMBER (RLIN)
Classification number (OCLC) (R) ; Classification number, CALL (RLIN) (NR) REF DT962
Local cutter number (OCLC) ; Book number/undivided call number, CALL (RLIN) ENC
003 - CONTROL NUMBER IDENTIFIER
control field
005 - DATE AND TIME OF LATEST TRANSACTION
control field 20230120191419.0
040 ## - CATALOGING SOURCE
Transcribing agency NUST
245 00 - TITLE STATEMENT
Title Tabex Encyclopedia Zimbabwe /
Statement of responsibility, etc. [Katherine Sayce, editor]
260 ## - PUBLICATION, DISTRIBUTION, ETC.
Place of publication, distribution, etc. Harare:
Name of publisher, distributor, etc. Quest Publishing,
Date of publication, distribution, etc. 1987.
300 ## - PHYSICAL DESCRIPTION
Extent xv, 431p :
Other physical details ill. (some col.), maps (some col.) ;
Dimensions 28 cm.
500 ## - GENERAL NOTE
General note At head of title: Tabex.
500 ## - GENERAL NOTE
General note Includes index.
500 ## - GENERAL NOTE
General note Originally published: Harare, Zimbabwe : Quest Pub., 1987.
651 #0 - SUBJECT ADDED ENTRY--GEOGRAPHIC NAME
Geographic name Zimbabwe
General subdivision Encyclopedias.
700 1# - ADDED ENTRY--PERSONAL NAME
Personal name Sayce, Katherine.
710 2# - ADDED ENTRY--CORPORATE NAME
Corporate name or jurisdiction name as entry element Tabex (Firm).
740 0# - ADDED ENTRY--UNCONTROLLED RELATED/ANALYTICAL TITLE
Uncontrolled related/analytical title Tabex Encyclopedia Zimbabwe.
907 ## - LOCAL DATA ELEMENT G, LDG (RLIN)
a .b10206152
b 23-03-12
c 22-06-06
942 ## - ADDED ENTRY ELEMENTS (KOHA)
Koha item type Ordinary Loan Books
Call number prefix REF DT962
Call number suffix ENC
Holdings
Date last seen Total Checkouts Full call number Barcode Accession number Cost, replacement price Price effective from Koha item type Public note Lost status Source of classification or shelving scheme Damaged status Not for loan Collection Withdrawn status Home library Current library Shelving location Date acquired Source of acquisition Cost, normal purchase price
01/20/2023   REF DT962 TAB 92003010256 16170 30.00 05/16/2023 REF Donation   LCC     NFIC   MAIN MAIN GEN 05/16/2023 Book Aid International 80.00